000 00320nam a22001457a 4500
008 210426b ||||| |||| 00| 0 eng d
020 _a0618203524
041 _aeng
080 _a91
082 _a91
100 _a42
101 _aGJEO
245 _aWorld Cultures and Geography
_cSarah W. Bednarz
942 _2udc
_cBK
999 _c56705
_d56705